000 00597nam a2200193 i 4500
001 41035
003 ES-MaACL
005 20250910213915.0
007 t|
008 030307s1963 sp ||||1| spa d
100 1 _aCarter, C. F.
_935880
245 1 0 _aInvertir para innovar /
_cC.F. Carter, B.R. Williams ; [traducción de Victor Suarez de Zabala].
260 _aMadrid :
_bRialp,
_c1963.
300 _a171 p. ;
_c25 cm.
700 1 _aWilliams, B. R.
_9116909
700 1 _aSánchez de Zavala, Víctor,
_d1926-1996
_9102601
852 _aES-MaACL
_jC-22834
_bR.51338
999 _c41035
_d41035